<?xml version="1.0" encoding="UTF-8"?>
<record
    xmlns:xsi="http://www.w3.org/2001/XMLSchema-instance"
    xsi:schemaLocation="http://www.loc.gov/MARC21/slim http://www.loc.gov/standards/marcxml/schema/MARC21slim.xsd"
    xmlns="http://www.loc.gov/MARC21/slim">

  <leader>03301cam a22004098i 4500</leader>
  <controlfield tag="001">24023517</controlfield>
  <controlfield tag="003">DLC</controlfield>
  <controlfield tag="005">20260513115822.0</controlfield>
  <controlfield tag="007">t|</controlfield>
  <controlfield tag="008">250207s2025    enk      b    001 0 eng  </controlfield>
  <datafield tag="010" ind1=" " ind2=" ">
    <subfield code="a">  2025005142</subfield>
  </datafield>
  <datafield tag="020" ind1=" " ind2=" ">
    <subfield code="a">9781032852683</subfield>
    <subfield code="q">pbk</subfield>
  </datafield>
  <datafield tag="040" ind1=" " ind2=" ">
    <subfield code="a">DLC</subfield>
    <subfield code="b">eng</subfield>
    <subfield code="e">rda</subfield>
    <subfield code="c">DLC</subfield>
    <subfield code="d">DLC</subfield>
    <subfield code="d">DLC-MRC</subfield>
    <subfield code="d">DLC</subfield>
    <subfield code="d">MILA_ain</subfield>
  </datafield>
  <datafield tag="042" ind1=" " ind2=" ">
    <subfield code="a">pcc</subfield>
  </datafield>
  <datafield tag="050" ind1="0" ind2="0">
    <subfield code="a">HD59</subfield>
    <subfield code="b">.T474 2025</subfield>
  </datafield>
  <datafield tag="245" ind1="0" ind2="4">
    <subfield code="a">The public relations handbook /</subfield>
    <subfield code="c">Alison Theaker.</subfield>
  </datafield>
  <datafield tag="250" ind1=" " ind2=" ">
    <subfield code="a">Seventh edition.</subfield>
  </datafield>
  <datafield tag="263" ind1=" " ind2=" ">
    <subfield code="a">2507</subfield>
  </datafield>
  <datafield tag="264" ind1=" " ind2="1">
    <subfield code="a">Abingdon, Oxon ;</subfield>
    <subfield code="a">New York, NY :</subfield>
    <subfield code="b">Routledge, Taylor and Francis,</subfield>
    <subfield code="c">2025.</subfield>
  </datafield>
  <datafield tag="300" ind1=" " ind2=" ">
    <subfield code="a">pages cm.</subfield>
  </datafield>
  <datafield tag="336" ind1=" " ind2=" ">
    <subfield code="a">text</subfield>
    <subfield code="b">txt</subfield>
    <subfield code="2">rdacontent</subfield>
    <subfield code="0">http://id.loc.gov/vocabulary/contentTypes/txt</subfield>
  </datafield>
  <datafield tag="337" ind1=" " ind2=" ">
    <subfield code="a">unmediated</subfield>
    <subfield code="b">n</subfield>
    <subfield code="2">rdamedia</subfield>
    <subfield code="0">http://id.loc.gov/vocabulary/mediaTypes/n</subfield>
  </datafield>
  <datafield tag="338" ind1=" " ind2=" ">
    <subfield code="a">volume</subfield>
    <subfield code="b">nc</subfield>
    <subfield code="2">rdacarrier</subfield>
    <subfield code="0">http://id.loc.gov/vocabulary/carriers/nc</subfield>
  </datafield>
  <datafield tag="490" ind1="0" ind2=" ">
    <subfield code="a">Media practice</subfield>
  </datafield>
  <datafield tag="500" ind1=" " ind2=" ">
    <subfield code="a">Originally entered under: Alison Theaker.</subfield>
  </datafield>
  <datafield tag="504" ind1=" " ind2=" ">
    <subfield code="a">Includes bibliographical references and index.</subfield>
  </datafield>
  <datafield tag="520" ind1=" " ind2=" ">
    <subfield code="a">"The Public Relations Handbook provides an engaging, in-depth exploration of the dynamic and ever-evolving public relations industry. Split into four parts exploring key conceptual themes in public relations, this book offers an overview of topics including: strategic PR; politics and the media; media relations in the social media age; strategic communication management; PR ethics; activism and PR; and the effects of globalisation and technology on the field. This book also includes a discussion of critical themes in PR research and exploratory case studies of PR strategies in a variety of institutions, including the Royal Society of Chemistry, Corps Security, and The Chartered Institute of Public Relations. Featuring wide-ranging contributions from key figures in the PR profession, this new edition presents fresh views on AI, social media curation, and "the decline of media", and is packed with student-friendly features including clear chapter aims, discussion questions, and further reading suggestions throughout. The Public Relations Handbook is an ideal resource for students of Public Relations, Corporate and Strategic Communications, and Marketing Communications. This book is supported by additional instructor resources, including brand-new classroom activities for every chapter available at www.routledge.com/9781032852683"-- Provided by publisher.</subfield>
  </datafield>
  <datafield tag="650" ind1=" " ind2="0">
    <subfield code="a">Corporations</subfield>
    <subfield code="x">Public relations</subfield>
    <subfield code="0">http://id.loc.gov/authorities/subjects/sh85108765</subfield>
  </datafield>
  <datafield tag="700" ind1="1" ind2=" ">
    <subfield code="a">Theaker, Alison</subfield>
    <subfield code="e">editor</subfield>
    <subfield code="4">http://id.loc.gov/vocabulary/relators/edt</subfield>
    <subfield code="0">http://id.loc.gov/authorities/names/nb96006244</subfield>
    <subfield code="1">http://id.loc.gov/rwo/agents/nb96006244</subfield>
  </datafield>
  <datafield tag="758" ind1=" " ind2=" ">
    <subfield code="1">http://id.loc.gov/resources/instances/24023517</subfield>
  </datafield>
  <datafield tag="758" ind1=" " ind2=" ">
    <subfield code="4">http://id.loc.gov/ontologies/bibframe/instanceOf</subfield>
    <subfield code="1">http://id.loc.gov/resources/works/24023517</subfield>
  </datafield>
  <datafield tag="776" ind1="1" ind2=" ">
    <subfield code="i">Online version</subfield>
    <subfield code="4">http://id.loc.gov/entities/relationships/onlineversion</subfield>
    <subfield code="t">Public relations handbook</subfield>
    <subfield code="b">Seventh edition</subfield>
    <subfield code="d">New York : Routledge, Taylor and Francis, 2025</subfield>
    <subfield code="z">9781003517375</subfield>
    <subfield code="w">(DLC) 2025005143</subfield>
  </datafield>
  <datafield tag="884" ind1=" " ind2=" ">
    <subfield code="a">DLC bibframe2marc v3.0-dev</subfield>
    <subfield code="g">20250813</subfield>
    <subfield code="q">DLC</subfield>
    <subfield code="u">https://github.com/lcnetdev/bibframe2marc/tree/v3.0-dev</subfield>
  </datafield>
  <datafield tag="906" ind1=" " ind2=" ">
    <subfield code="a">7</subfield>
    <subfield code="b">cbc</subfield>
    <subfield code="c">orignew</subfield>
    <subfield code="d">1</subfield>
    <subfield code="e">ecip</subfield>
    <subfield code="f">20</subfield>
    <subfield code="g">y-gencatlg</subfield>
  </datafield>
  <datafield tag="942" ind1=" " ind2=" ">
    <subfield code="2">lcc</subfield>
    <subfield code="c">BK</subfield>
  </datafield>
  <datafield tag="999" ind1=" " ind2=" ">
    <subfield code="c">2665</subfield>
    <subfield code="d">2665</subfield>
  </datafield>
  <datafield tag="952" ind1=" " ind2=" ">
    <subfield code="0">0</subfield>
    <subfield code="1">0</subfield>
    <subfield code="2">lcc</subfield>
    <subfield code="4">0</subfield>
    <subfield code="7">0</subfield>
    <subfield code="a">MIUCL</subfield>
    <subfield code="b">MIUCL</subfield>
    <subfield code="c">GEN</subfield>
    <subfield code="d">2026-05-13</subfield>
    <subfield code="e">Emo Book Services Sdn Bhd</subfield>
    <subfield code="g">173.24</subfield>
    <subfield code="l">1</subfield>
    <subfield code="o">HD59 .T474 2025</subfield>
    <subfield code="p">0003627</subfield>
    <subfield code="q">2026-07-22</subfield>
    <subfield code="r">2026-06-22 16:37:55</subfield>
    <subfield code="s">2026-06-22</subfield>
    <subfield code="v">173.24</subfield>
    <subfield code="w">2026-05-13</subfield>
    <subfield code="y">BK</subfield>
  </datafield>
</record>
